=LDR 00000nam 2200000 4500 =001 INLIS000000000049215 =005 20170201164130.0 =006 =007 =008 =020 ##$$a978-979-29-2097-0 =035 ##$$0010-021700000000007 =082 ##$$a899.221 308 =100 ##$$aKOMPAK FK UNUD =245 ##$$aSURVIVED BECOUSE MY LIFE IS SO PRCIOUS =260 ##$$aYOGYAKARTA;SHEILA =300 ##$$aXII;249 Hlm; 20 Cm =850 ##$$a NBPNMAT =990 ##$$a21601916